Loading...

Cross-linked liquid crystalline systems from rigid polymer networks to elastomers

Bibliographic Details
Main Author: Broer, Dirk J ed (ed.by.)
Other Authors: Crawford, Gregory P ed, Zumer, Slobodan ed
Format: Printed Book
Language:English
Published: Boca Raton CRC Press 2011
Series:The liquid crystals book series
Subjects:
LEADER 00852 a2200217 4500
005 20151026133226.0
008 131130b xxu||||| |||| 00| 0 eng d
020 |a 9781420046229 
080 |a 678.7:532.783  |b BRO 
100 |a Broer, Dirk J ed.,  |e ed.by. 
245 |a Cross-linked liquid crystalline systems  |b from rigid polymer networks to elastomers  |c ed.by Dirk J Broer, Gregory P Crawford and Slobodan Zumer 
260 |b CRC Press  |c 2011  |a Boca Raton 
300 |a xv, 605p. 
490 |a The liquid crystals book series 
653 |a Liquid crystalline polymers 
653 |a Liquid crystals - polymers 
700 |a Crawford, Gregory P ed., 
700 |a Zumer, Slobodan ed., 
942 |c BK  |6 _ 
999 |c 65700  |d 65700 
952 |0 0  |1 0  |2 udc  |4 0  |6 6787532783_BRO  |7 0  |9 78055  |a UL  |b UL  |d 2013-02-25  |g 0.00  |o 678.7:532.783 BRO  |p 00069451  |r 2013-02-25  |v 0.00  |w 2013-02-25  |y BK